[Event "exe Slovakia Open 2025"]
[Site "Bratislava SVK"]
[Date "2025.09.15"]
[Round "3.62"]
[White "Srnak, Martin"]
[Black "Voiculescu-Holvad, Stefan"]
[Result "0-1"]
[WhiteElo "1671"]
[BlackElo "1875"]
[WhiteFideId "14973308"]
[BlackFideId "20692005"]
[EventDate "2025.09.13"]

1. Nf3 Nf6 2. g3 g6 3. Bg2 Bg7 4. O-O O-O 5. d4 d6 6. c4 Nbd7 7. Nc3 e5 8. d5 a5
9. e4 Nc5 10. Bg5 h6 11. Bxf6 Qxf6 12. Ne1 Qe7 13. Nd3 b6 14. Nxc5 bxc5 15. f4
exf4 16. Rxf4 Bd4+ 17. Kh1 Bxc3 18. bxc3 Qe5 19. Qd2 Ba6 20. Qd3 Rab8 21. Rh4
Kg7 22. Rf4 Bc8 23. Rff1 Bg4 24. Rab1 h5 25. Bf3 Bh3 26. Bg2 Bd7 27. Qc2 h4 28.
Rxb8 Rxb8 29. gxh4 Rh8 30. Qf2 Qe7 31. Qg3 Qxh4 32. Qxh4 Rxh4 33. Rf3 f6 34. Re3
Rh8 35. Re2 Rb8 36. Bf1 Bg4 37. Rf2 Rb1 38. Kg2 a4 39. Bd3 Rb8 40. Bc2 a3 41.
Bb3 Rh8 42. Kg3 Bd7 43. h4 Ra8 44. Rf1 Ba4 45. Rb1 Rb8 46. Kf4 Kh6 47. Ke3 Bxb3
48. axb3 a2 49. Ra1 Rxb3 50. Kd2 Ra3 51. Kc2 Kh5 52. Kb2 Ra8 53. Rxa2 Rxa2+ 54.
Kxa2 Kxh4 55. Ka3 g5 56. Ka4 g4 57. Kb5 g3 58. Kc6 g2 59. Kxc7 g1=Q 60. Kxd6 Qe3
61. Ke6 Qxc3 62. d6 Qe5+ 0-1

[Event "exe Slovakia Open 2025"]
[Site "Bratislava SVK"]
[Date "2025.09.15"]
[Round "3.63"]
[White "Gonda, Jan"]
[Black "Povysil, Peter"]
[Result "0-1"]
[WhiteElo "1703"]
[BlackElo "1853"]
[WhiteFideId "14910489"]
[BlackFideId "14908344"]
[EventDate "2025.09.13"]

1. d4 g6 2. e4 d6 3. c4 Bg7 4. Nc3 Nf6 5. f4 O-O 6. Be3 a5 7. Nf3 Na6 8. Be2 c6
9. O-O Qc7 10. Rc1 Ng4 11. Bd2 Qb6 12. e5 dxe5 13. c5 Nxc5 14. Nxe5 Nxe5 15.
fxe5 Ne6 16. Be3 Bxe5 17. Na4 Qa7 18. Nc5 Bg7 19. Nxe6 Bxe6 20. a4 Rad8 21. Kh1
Bxd4 22. Bxd4 Qxd4 23. Qe1 Qb4 24. Qg3 Rd2 25. Bf3 Qd6 26. Qh4 Bd5 27. Qe1 Bxf3
28. Rxf3 Rd8 29. Rf1 Qd5 30. Rg1 e5 31. Rb1 c5 32. b3 f6 33. Qf1 Kg7 34. Qe1 f5
35. h3 b6 36. Kh2 f4 37. Qh4 Rf8 38. Rge1 Qxg2# 0-1

[Event "exe Slovakia Open 2025"]
[Site "Bratislava SVK"]
[Date "2025.09.15"]
[Round "3.64"]
[White "Zhanybekov, Alisher"]
[Black "Krivosik, Matus"]
[Result "1-0"]
[WhiteElo "1630"]
[BlackElo "1838"]
[WhiteFideId "447013397"]
[BlackFideId "73619671"]
[EventDate "2025.09.13"]

1. e4 c6 2. d4 d5 3. Nc3 dxe4 4. f3 e5 5. Be3 Bb4 6. dxe5 Qa5 7. Bd4 c5 8. a3
cxd4 9. axb4 Qxe5 10. Ra5 Qd6 11. Rc5 Bd7 12. Nxe4 Qe7 13. Qxd4 f6 14. Kf2 Nc6
15. Nd6+ Kf8 16. Qd2 Rd8 17. Nxb7 Rb8 18. Ba6 Ne5 19. Nh3 Bc8 20. Nf4 Bxb7 21.
Bxb7 g5 22. Rc7 Qe8 23. Qd6+ 1-0

[Event "exe Slovakia Open 2025"]
[Site "Bratislava SVK"]
[Date "2025.09.15"]
[Round "3.65"]
[White "Rexova, Kristina"]
[Black "Kebis, Milos"]
[Result "0-1"]
[WhiteElo "1559"]
[BlackElo "1806"]
[WhiteFideId "14987449"]
[BlackFideId "14901471"]
[EventDate "2025.09.13"]

1. d4 Nf6 2. e3 e6 3. Bd3 b6 4. b3 d5 5. Nf3 Ba6 6. Bb2 Bxd3 7. Qxd3 Nbd7 8. O-O
Be7 9. Ne5 Nxe5 10. dxe5 Nd7 11. f4 O-O 12. Rf3 Nc5 13. Qe2 f6 14. Rh3 Qe8 15.
Nd2 fxe5 16. Bxe5 Bf6 17. Nf3 Ne4 18. Rd1 c5 19. c4 Rd8 20. cxd5 exd5 21. Bxf6
Rxf6 22. Qd3 Qe6 23. Nd2 Rg6 24. Rf3 Qg4 25. Qf1 Nc3 26. Ra1 Qf5 27. Qa6 Qf6 28.
Rc1 d4 29. Qxa7 Ne2+ 0-1

[Event "exe Slovakia Open 2025"]
[Site "Bratislava SVK"]
[Date "2025.09.15"]
[Round "3.66"]
[White "Chmelikova, Julia"]
[Black "Vinarcik, Jan"]
[Result "0-1"]
[WhiteElo "1590"]
[BlackElo "1800"]
[WhiteFideId "14977753"]
[BlackFideId "14901030"]
[EventDate "2025.09.13"]

1. e4 c5 2. Nc3 e6 3. g3 a6 4. a4 Nc6 5. Bg2 Qc7 6. d3 Nf6 7. Nge2 Be7 8. O-O
O-O 9. f4 d6 10. h3 h6 11. Be3 Nh7 12. Qd2 Bf6 13. d4 cxd4 14. Nxd4 Bd7 15. Kh2
Rac8 16. f5 Ne5 17. Bxh6 gxh6 18. Qxh6 Bg7 19. Qh5 Qd8 20. h4 Nf6 21. Qe2 exf5
22. Nxf5 Bxf5 23. Rxf5 Nfg4+ 24. Kh1 Nh6 25. Rf4 Ng6 26. Rf2 Bxc3 27. bxc3 Rc5
28. h5 Ne5 29. Rb1 Neg4 30. Rf4 Rxh5+ 31. Kg1 Qg5 32. Bf3 Qc5+ 33. Kf1 Nh2+ 34.
Kg2 Nxf3 35. Qxf3 b5 36. axb5 axb5 37. g4 Qg5 38. Rxb5 Qxb5 39. gxh5 Kh8 40. Qd3
Rg8+ 41. Kf3 Qxh5+ 42. Kf2 Qh2+ 0-1

[Event "exe Slovakia Open 2025"]
[Site "Bratislava SVK"]
[Date "2025.09.15"]
[Round "3.68"]
[White "Benci, Rudolf"]
[Black "Malanik, Jakub"]
[Result "1-0"]
[WhiteElo "1787"]
[BlackElo "1500"]
[WhiteFideId "14963191"]
[BlackFideId "14994240"]
[EventDate "2025.09.13"]

1. Nf3 d5 2. d4 Bf5 3. g3 Nf6 4. Bg2 Qd7 5. Ne5 Qe6 6. h4 Nbd7 7. Bf4 O-O-O 8.
Nd2 Nh5 9. e3 Nxf4 10. exf4 f6 11. g4 fxe5 12. gxf5 Qxf5 13. fxe5 e6 14. Bh3 Qf7
15. Qg4 Re8 16. f4 h5 17. Qg3 c5 18. O-O-O Be7 19. Nf3 Rhf8 20. f5 exf5 21. Rhe1
Qg8 22. c3 Rd8 23. Rg1 g5 24. Nxg5 f4 25. Qf3 Kb8 26. Ne6 Qf7 27. Rg7 Qe8 28.
Rdg1 Bxh4 29. Nxd8 cxd4 30. Rxd7 Qxe5 31. cxd4 Qe3+ 32. Qxe3 fxe3 33. Rgg7 1-0

[Event "exe Slovakia Open 2025"]
[Site "Bratislava SVK"]
[Date "2025.09.16"]
[Round "4.1"]
[White "Pechac, Jergus"]
[Black "Zielonka, Adam"]
[Result "1-0"]
[WhiteTitle "GM"]
[BlackTitle "FM"]
[WhiteElo "2544"]
[BlackElo "2351"]
[WhiteFideId "14926970"]
[BlackFideId "21002096"]
[EventDate "2025.09.13"]

1. d4 Nf6 2. c4 e6 3. Nc3 Bb4 4. Nf3 b6 5. Qb3 c5 6. dxc5 Bxc5 7. Bg5 h6 8. Bh4
Bb7 9. e3 Nc6 10. Be2 Rc8 11. Rd1 Be7 12. Nb5 O-O 13. O-O Na5 14. Qa4 a6 15. Nd6
Bc6 16. Qc2 Rb8 17. Ne5 Ne8 18. Ndxf7 Rxf7 19. Nxf7 Kxf7 20. Qh7 Nf6 21. Bxf6
Bxf6 22. b4 Nb7 23. b5 axb5 24. cxb5 Bd5 25. e4 Bxa2 26. f4 Nc5 27. e5 Qf8 28.
exf6 Kxf6 29. f5 e5 30. Qg6+ Ke7 31. Qd6+ Kf7 32. Qxe5 1-0

[Event "exe Slovakia Open 2025"]
[Site "Bratislava SVK"]
[Date "2025.09.16"]
[Round "4.2"]
[White "Koepke, Christian"]
[Black "Heberla, Bartlomiej"]
[Result "0-1"]
[WhiteTitle "IM"]
[BlackTitle "GM"]
[WhiteElo "2331"]
[BlackElo "2502"]
[WhiteFideId "4655737"]
[BlackFideId "1115120"]
[EventDate "2025.09.13"]

1. e4 e6 2. d4 d5 3. exd5 exd5 4. Nf3 Nf6 5. Bd3 c5 6. O-O c4 7. Re1+ Be7 8. Bf1
O-O 9. b3 cxb3 10. axb3 Nc6 11. c4 Bg4 12. Bb2 dxc4 13. Bxc4 Bb4 14. Nc3 Na5 15.
Ra4 Nxc4 16. bxc4 a5 17. Re3 Rc8 18. Qd3 Bxc3 19. Bxc3 b5 20. Bxa5 bxc4 21. Qc2
Qd5 22. Re5 Qb7 23. Rxc4 Bxf3 24. gxf3 Rxc4 25. Qxc4 Qxf3 26. Qe2 Qf4 27. Qe3
Qg4+ 28. Qg3 Qd1+ 29. Kg2 g6 30. Bc3 Rc8 31. Rc5 Re8 32. Re5 Rxe5 33. Qxe5 Qg4+
34. Qg3 Qc8 35. Qf3 Qe6 36. h3 Nd5 37. Bd2 h5 38. Bf4 Kg7 39. Be5+ f6 40. Bf4 g5
41. Bd2 Kg6 42. Qd3+ f5 43. Kg1 h4 44. Kf1 Qe4 45. Qa6+ Nf6 46. d5 Qh1+ 47. Ke2
Qxh3 48. d6 Qg4+ 49. f3 Qg2+ 50. Ke1 Qg3+ 51. Ke2 Qe5+ 52. Kd3 Qe6 53. Bc3 h3
54. Bxf6 h2 55. Qa1 Qxf6 56. Qxf6+ Kxf6 57. d7 Ke7 0-1

[Event "exe Slovakia Open 2025"]
[Site "Bratislava SVK"]
[Date "2025.09.16"]
[Round "4.3"]
[White "Sahidi, Samir"]
[Black "Schwarz, Dusan"]
[Result "1-0"]
[WhiteTitle "IM"]
[WhiteElo "2469"]
[BlackElo "2270"]
[WhiteFideId "14936372"]
[BlackFideId "14903890"]
[EventDate "2025.09.13"]

1. Nf3 d5 2. g3 Nf6 3. Bg2 Nbd7 4. c4 dxc4 5. Qa4 a6 6. Qxc4 e6 7. Qc2 c5 8. a4
Be7 9. O-O O-O 10. a5 Nd5 11. d3 Nb8 12. Nbd2 Nc6 13. Nc4 Bd7 14. Bd2 Ncb4 15.
Bxb4 Nxb4 16. Qb3 Bc6 17. Nb6 Rb8 18. Rfc1 Nd5 19. Nc4 Bb5 20. Nfd2 Bg5 21. Rd1
Rc8 22. Ne4 Be7 23. Nc3 Nxc3 24. bxc3 Qc7 25. Rdb1 Rb8 26. Na3 Qxa5 27. Nxb5
Qxb5 28. Qxb5 axb5 29. Rxb5 Rfc8 30. Bxb7 Rc7 31. Rab1 g6 32. Kg2 Bf6 33. c4 Kg7
34. R1b3 h5 35. f4 Rd8 36. Kf3 Rd6 37. e3 Kf8 38. Ke2 Kg7 39. h3 Rdd7 40. Kd2
Kh6 41. Rb6 Kg7 42. Ba6 Rd8 43. Rb7 Rdd7 44. Ke2 Rxb7 45. Bxb7 Kf8 46. Rb5 Rc7
47. Ba6 Ke7 48. Rb6 Bc3 49. g4 hxg4 50. hxg4 Ra7 51. Bb5 Ra2+ 52. Kf3 f5 53.
Rb7+ Kf8 54. gxf5 gxf5 55. Rc7 Be1 56. e4 fxe4+ 57. dxe4 Rf2+ 58. Ke3 Rh2 59.
Bd7 Ke7 60. Bc8+ Kd8 61. Rc6 Bd2+ 62. Kf3 Rh4 63. Rd6+ Kxc8 64. Rxd2 Rh3+ 65.
Kg4 Rc3 66. e5 Rxc4 67. Rd6 Rd4 68. Rxe6 Kd7 69. Ra6 c4 70. Ra4 Ke6 71. Kg5 Kd5
72. Ra5+ Ke4 73. Rc5 Kd3 74. e6 c3 75. f5 Rc4 76. Rd5+ Rd4 77. Ra5 c2 78. Ra1
Rb4 79. Rc1 1-0

[Event "exe Slovakia Open 2025"]
[Site "Bratislava SVK"]
[Date "2025.09.16"]
[Round "4.4"]
[White "Yaniv, Yuval"]
[Black "Kubik, Rafal"]
[Result "1-0"]
[WhiteTitle "IM"]
[BlackTitle "CM"]
[WhiteElo "2410"]
[BlackElo "2192"]
[WhiteFideId "2823900"]
[BlackFideId "21022852"]
[EventDate "2025.09.13"]

1. e4 e5 2. Nf3 Nc6 3. Bb5 a6 4. Ba4 Nf6 5. O-O Be7 6. d3 b5 7. Bb3 d6 8. a3 O-O
9. Nc3 Na5 10. Ba2 Be6 11. b4 Bxa2 12. Rxa2 Nc6 13. Bg5 h6 14. Bxf6 Bxf6 15. Nd5
Nd4 16. Nxd4 exd4 17. a4 c6 18. Nf4 g6 19. Qg4 Qc8 20. Qf3 Bg7 21. Rfa1 Qb7 22.
h4 Be5 23. h5 g5 24. Ne2 a5 25. axb5 axb4 26. bxc6 Qxc6 27. g3 Rxa2 28. Rxa2 Ra8
29. Rxa8+ Qxa8 30. Nc1 Qc8 31. Qe2 Qh3 32. Na2 g4 33. Nxb4 Qxh5 34. Qd2 Qg6 35.
Nd5 Qe6 36. Qa5 Kg7 37. Qd8 Bf6 38. Qb8 Be5 39. Qc7 Bf6 40. Nf4 Qe5 41. Qd7 h5
42. Kg2 Kg8 43. Qf5 Qxf5 44. exf5 h4 45. gxh4 Bxh4 46. f3 gxf3+ 47. Kxf3 Kg7 48.
Ne2 Kf6 49. Nxd4 Ke5 50. Ke3 Kd5 51. Nf3 Bf6 52. Kf4 Kc5 53. Kg4 Kd5 54. Ng5 Kd4
55. Nxf7 Kc3 56. Kf3 Kxc2 57. Ke2 d5 58. Nh6 Kc3 59. Ng8 Bd4 60. f6 Bc5 61. Ne7
Kd4 62. Ng6 1-0

[Event "exe Slovakia Open 2025"]
[Site "Bratislava SVK"]
[Date "2025.09.16"]
[Round "4.5"]
[White "Selbes, Tamer Tarik"]
[Black "Shohat, Yotam"]
[Result "0-1"]
[WhiteTitle "FM"]
[BlackTitle "IM"]
[WhiteElo "2209"]
[BlackElo "2382"]
[WhiteFideId "6302513"]
[BlackFideId "2813955"]
[EventDate "2025.09.13"]

1. Nf3 Nf6 2. c4 g6 3. b3 Bg7 4. Bb2 O-O 5. g3 c6 6. Bg2 d5 7. O-O a5 8. Na3 Bg4
9. Rc1 Bxf3 10. Bxf3 e6 11. d3 Nbd7 12. Nc2 Qb8 13. Bg2 Rd8 14. cxd5 exd5 15.
Nd4 Qa7 16. Qc2 Qb6 17. Ba1 Ne8 18. Nf3 Bxa1 19. Rxa1 Nef6 20. Rae1 Re8 21. e4
dxe4 22. dxe4 Qc5 23. Qd2 Qb4 24. a3 Qxa3 25. e5 Nd5 26. e6 Rxe6 27. Rxe6 fxe6
28. Ng5 Nf8 29. h4 Qxb3 30. Re1 a4 31. Re5 Qc4 32. Qb2 Qb4 33. Qe2 a3 34. Qf3
Qe7 35. Re1 a2 36. Ra1 Qg7 37. Qd1 Nc3 38. Qe1 Nb1 39. Bh3 Qxa1 40. Bxe6+ Kg7
41. Bxa2 Qxa2 42. Qe7+ Kg8 43. h5 gxh5 44. Ne4 Qe6 45. Qg5+ Kh8 0-1

[Event "exe Slovakia Open 2025"]
[Site "Bratislava SVK"]
[Date "2025.09.16"]
[Round "4.6"]
[White "Gubin, Dmitrii"]
[Black "Beliavsky, Alexander G"]
[Result "0-1"]
[BlackTitle "GM"]
[WhiteElo "2219"]
[BlackElo "2453"]
[WhiteFideId "13911848"]
[BlackFideId "14602377"]
[EventDate "2025.09.13"]

1. c4 c6 2. Nf3 d5 3. g3 Nf6 4. Bg2 Bf5 5. cxd5 cxd5 6. Qb3 Nc6 7. O-O e5 8. d4
e4 9. Ne5 Bd6 10. Nc3 O-O 11. Be3 Nxe5 12. dxe5 Bxe5 13. Rfd1 Be6 14. Bd4 Bxd4
15. Rxd4 Qe7 16. Rad1 Rac8 17. e3 Rc6 18. h3 h6 19. Kh2 Rfc8 20. R1d2 h5 21. Qd1
g6 22. Bf1 a6 23. Be2 Qc7 24. Kg2 Kg7 25. Qf1 Qe5 26. Bd1 Rc5 27. Kg1 Nh7 28.
Ne2 Ng5 29. Nf4 Rc1 30. Rxd5 Bxd5 31. Rxd5 Nf3+ 32. Kg2 Qxb2 33. Rd7 Ne5 34. Rd4
Qxa2 35. Rxe4 Rd8 36. Rxe5 Rdxd1 37. Qe2 Qxe2 0-1

[Event "exe Slovakia Open 2025"]
[Site "Bratislava SVK"]
[Date "2025.09.16"]
[Round "4.7"]
[White "Brnusak, Tomas"]
[Black "Hrbek, Stepan"]
[Result "1/2-1/2"]
[BlackTitle "IM"]
[WhiteElo "2245"]
[BlackElo "2446"]
[WhiteFideId "14939878"]
[BlackFideId "393479"]
[EventDate "2025.09.13"]

1. c4 e5 2. b3 Nf6 3. Bb2 Nc6 4. Nf3 e4 5. Nd4 Bc5 6. Nxc6 dxc6 7. e3 Bf5 8. Be2
h5 9. Qc2 Qe7 10. Nc3 O-O-O 11. O-O-O Ng4 12. Rdf1 Qg5 13. Nxe4 Qg6 14. Bxg4
hxg4 15. f3 Rhe8 16. Qc3 Bxe4 17. fxe4 Qxe4 18. Qc2 Qxg2 19. d4 Qxc2+ 20. Kxc2
Be7 21. Rxf7 Bf6 22. Re1 Re4 23. Kd3 Rde8 24. c5 b6 25. b4 Rf4 26. cxb6 axb6 27.
Rc1 Rf3 28. Rxc6 Rfxe3+ 29. Kc4 R8e7 30. Rxe7 Bxe7 31. Rg6 Re2 32. Bc3 Rg2 33.
a4 Bf6 34. a5 bxa5 35. bxa5 Kd7 36. a6 Ra2 37. Rxg4 Rxa6 38. Rg3 Rc6+ 39. Kd5
Rd6+ 40. Ke4 Ke6 41. Rd3 Rd5 42. Bd2 c6 43. Bf4 Rd8 44. Bg3 Rd7 45. Bf4 Rd5 46.
Bg3 Rd8 47. Bf4 Rh8 48. Bg3 Rh5 49. Rc3 Kd7 50. Rc5 Rxc5 51. dxc5 Be7 52. Be5 g6
53. Bd4 Ke6 54. Be3 Bd8 55. Bf4 Ba5 56. h3 Be1 57. Be3 Bg3 58. Bd4 Bh2 59. Bf2
Bb8 60. Bd4 Bg3 61. Bg1 Kf6 62. Be3 Bh2 63. Bh6 Bg1 64. Bf8 Ke6 65. Bd6 Bf2 66.
Kf3 Bd4 67. Ke4 Bg1 68. Bf8 Bh2 69. Bh6 Kf6 70. Be3 Bb8 71. Bd2 Bc7 1/2-1/2

[Event "exe Slovakia Open 2025"]
[Site "Bratislava SVK"]
[Date "2025.09.16"]
[Round "4.10"]
[White "Dalgar, Hakki Berat"]
[Black "Elias, David"]
[Result "1/2-1/2"]
[WhiteTitle "CM"]
[BlackTitle "FM"]
[WhiteElo "1979"]
[BlackElo "2329"]
[WhiteFideId "6347444"]
[BlackFideId "14960141"]
[EventDate "2025.09.13"]

1. d4 Nf6 2. Bg5 c5 3. Nc3 d5 4. Bxf6 gxf6 5. e4 dxe4 6. dxc5 f5 7. Bc4 e6 8.
Qxd8+ Kxd8 9. Rd1+ Bd7 10. g4 Bxc5 11. gxf5 exf5 12. Bxf7 Rf8 13. Bd5 Kc7 14.
Nge2 Nc6 15. Rg1 Ne5 16. Rg7 Rae8 17. Nf4 Kc8 18. Rxh7 Rh8 19. Rxh8 Rxh8 20. h3
Rh4 21. Nce2 e3 22. fxe3 Bxe3 23. Ng2 Rxh3 24. Nxe3 Rxe3 25. Kd2 Rh3 26. Nd4 Rh6
27. Ke3 Rd6 28. Nf3 Ng4+ 29. Kf4 Kc7 30. c4 Nf6 31. Nh4 Nh5+ 32. Ke5 Nf6 33. Rd2
Ne4 34. Rd4 Ng3 35. Rd3 Rh6 36. Rxg3 Rxh4 37. Rg2 1/2-1/2

[Event "exe Slovakia Open 2025"]
[Site "Bratislava SVK"]
[Date "2025.09.16"]
[Round "4.11"]
[White "Nadzamova, Viktoria"]
[Black "Farkas, Gabor1"]
[Result "1-0"]
[WhiteTitle "WFM"]
[BlackTitle "IM"]
[WhiteElo "2129"]
[BlackElo "2316"]
[WhiteFideId "14943999"]
[BlackFideId "14908034"]
[EventDate "2025.09.13"]

1. e4 e5 2. Nf3 Nc6 3. Bb5 a6 4. Ba4 Nge7 5. O-O g6 6. c3 Bg7 7. d4 b5 8. Bb3
exd4 9. cxd4 d6 10. a4 b4 11. a5 O-O 12. h3 Rb8 13. d5 Ne5 14. Nxe5 Bxe5 15. Nd2
Bg7 16. Nf3 c5 17. dxc6 Nxc6 18. Bg5 Qd7 19. Qd2 Bb7 20. Rfd1 Rfe8 21. Qf4 Ne5
22. Nd4 Rf8 23. Nc2 Kh8 24. Bf6 Qc6 25. Rd4 Qc5 26. Rad1 Bxf6 27. Qxf6+ Kg8 28.
Rxd6 Rbe8 29. Ne3 Bxe4 30. Rxa6 Bc6 31. Ng4 Nxg4 32. Rxc6 Nxf6 33. Rxc5 Re2 34.
Rc2 Rxc2 35. Bxc2 Ra8 36. Ra1 Ra7 37. a6 Kf8 38. Bd3 Nd7 39. Ra5 Ke7 40. Bc4 f5
41. Ra4 Nb6 42. Rxb4 Nxc4 1-0

[Event "exe Slovakia Open 2025"]
[Site "Bratislava SVK"]
[Date "2025.09.16"]
[Round "4.12"]
[White "Pavlovic, Milos"]
[Black "Sekova, Olivia"]
[Result "1-0"]
[WhiteTitle "GM"]
[WhiteElo "2409"]
[BlackElo "2102"]
[WhiteFideId "900389"]
[BlackFideId "14959690"]
[EventDate "2025.09.13"]

1. c4 Nf6 2. g3 g6 3. Bg2 Bg7 4. d4 O-O 5. Nc3 d6 6. Nf3 c5 7. O-O Nc6 8. d5 Na5
9. Nd2 Rb8 10. Qc2 a6 11. b3 b5 12. Bb2 e5 13. dxe6 Bxe6 14. cxb5 axb5 15. Nde4
Nxe4 16. Nxe4 Bxb2 17. Qxb2 f5 18. Nc3 Qf6 19. Qd2 b4 20. Nd5 Bxd5 21. Qxd5+ Kg7
22. a3 Qd8 23. Rfd1 Re8 24. axb4 Rxb4 25. e3 Re7 26. Ra3 Qb6 27. Bf1 Rb7 28. Qe6
Re4 29. Qxd6 Qxd6 30. Rxd6 Nxb3 31. Bg2 c4 32. Bxe4 fxe4 33. Kg2 Rc7 34. Raa6
Rc5 35. Rac6 c3 36. Rxc5 Nxc5 37. Rc6 Na4 38. Rc4 Nb6 39. Rc7+ Kh6 40. Rxc3 Nd5
41. Rc6 Kg7 42. g4 h6 43. h4 Kf7 44. Kg3 h5 45. g5 Kg7 46. Rc5 1-0

[Event "exe Slovakia Open 2025"]
[Site "Bratislava SVK"]
[Date "2025.09.16"]
[Round "4.13"]
[White "Pacher, Milan"]
[Black "Zawisza, Alan"]
[Result "1-0"]
[WhiteTitle "GM"]
[WhiteElo "2392"]
[BlackElo "2084"]
[WhiteFideId "14907445"]
[BlackFideId "91131456"]
[EventDate "2025.09.13"]

1. c4 g6 2. e4 Bg7 3. d4 d6 4. Nc3 Nf6 5. f3 O-O 6. Nge2 c5 7. d5 e6 8. Ng3 exd5
9. cxd5 a6 10. Be2 b5 11. O-O Nbd7 12. Bf4 c4 13. a4 Rb8 14. axb5 axb5 15. Kh1
Qc7 16. b4 Nh5 17. Bd2 Nxg3+ 18. hxg3 Nf6 19. g4 Qe7 20. Qe1 h5 21. gxh5 Nxh5
22. g4 Nf6 23. Kg2 Ne8 24. Rh1 f5 25. gxf5 gxf5 26. Qg3 f4 27. Qg6 Qf6 28. Qh7+
Kf7 29. Ra7+ Bb7 30. Qh5+ Ke7 31. Be1 Rh8 32. Qg4 Rxh1 33. Kxh1 Kf8 34. Kg2 Qd4
35. Qxf4+ Kg8 36. Nxb5 Qb2 37. Kf1 Be5 38. Qg4+ Ng7 39. Rxb7 Rxb7 40. Qc8+ Kh7
41. Qxb7 c3 42. Nxc3 Bxc3 43. Bxc3 Qxc3 44. Qb6 Qa1+ 45. Kf2 Qe5 46. b5 Nh5 47.
Qa7+ Kg6 48. Qe3 Qg3+ 49. Kf1 Qh4 50. b6 Nf4 51. Qg1+ Kf7 52. b7 Qf6 53. Qa7 1-0

[Event "exe Slovakia Open 2025"]
[Site "Bratislava SVK"]
[Date "2025.09.16"]
[Round "4.14"]
[White "Jablonicky, Martin"]
[Black "Janik, Marek Tobias"]
[Result "1/2-1/2"]
[WhiteTitle "IM"]
[WhiteElo "2363"]
[BlackElo "2045"]
[WhiteFideId "14925621"]
[BlackFideId "73612715"]
[EventDate "2025.09.13"]

1. d4 d5 2. c4 e6 3. Nc3 Nf6 4. Nf3 Be7 5. Bf4 O-O 6. e3 b6 7. cxd5 Nxd5 8. Nxd5
exd5 9. Bd3 c5 10. O-O Be6 11. dxc5 bxc5 12. Rc1 Nd7 13. Qc2 h6 14. Rfd1 Qb6 15.
Ne5 Nxe5 16. Bxe5 Rac8 17. Qc3 d4 18. exd4 cxd4 19. Qxd4 Qxd4 20. Bxd4 Rxc1 21.
Rxc1 Rd8 22. Rd1 Rxd4 23. Bh7+ Kxh7 24. Rxd4 Bc5 25. Rd2 Kg6 26. Rc2 Bb6 27. b4
Kf5 28. Re2 Bc4 29. Rc2 Bb5 30. Rc3 Ke4 31. Rf3 f5 32. Rg3 Bd4 33. h4 f4 34. Ra3
Bb6 35. Rc3 g5 36. hxg5 hxg5 37. g3 Bd4 38. Ra3 a6 39. gxf4 gxf4 40. Rh3 Be2 41.
a4 f3 42. Rh6 Bc3 43. Rh5 Be5 1/2-1/2

[Event "exe Slovakia Open 2025"]
[Site "Bratislava SVK"]
[Date "2025.09.16"]
[Round "4.15"]
[White "Herka, Jakub"]
[Black "Dovgaliuk, Oleksandr"]
[Result "0-1"]
[BlackTitle "FM"]
[WhiteElo "1992"]
[BlackElo "2316"]
[WhiteFideId "21023743"]
[BlackFideId "14167247"]
[EventDate "2025.09.13"]

1. d4 d5 2. c4 dxc4 3. e3 e5 4. Bxc4 Nc6 5. Nf3 e4 6. Nfd2 Qg5 7. Kf1 Nf6 8. Nc3
Qg6 9. Qc2 Nb4 10. Qb3 Bd6 11. Nb5 Nc6 12. Nxd6+ cxd6 13. d5 Ne5 14. Bb5+ Bd7
15. Bxd7+ Nfxd7 16. Nc4 Nxc4 17. Qxc4 O-O 18. Bd2 Ne5 19. Qe2 Nd3 20. Bc3 f5 21.
g3 Rac8 22. Rd1 Rc5 23. Rxd3 exd3 24. Qxd3 Qf7 25. Kg2 Qxd5+ 26. Qxd5+ Rxd5 27.
Bd4 Rc8 28. Bxa7 Rd2 29. Bd4 Rcc2 30. Rf1 g5 31. h3 Kf7 32. Kf3 b5 33. Bc3 Re2
34. g4 Ke6 35. a3 d5 36. Bd4 Red2 37. Bc3 Rd3 38. gxf5+ Kxf5 39. Rg1 h5 40. Rb1
Kg6 41. Rg1 d4 42. Bxd4 Rdd2 43. Rg2 Rc7 44. Kg3 h4+ 45. Kh2 Rcc2 46. Kg1 Rd1+
47. Kh2 Rcc1 48. Rg4 Rh1+ 49. Kg2 Rcg1+ 50. Kf3 Rxh3+ 0-1

[Event "exe Slovakia Open 2025"]
[Site "Bratislava SVK"]
[Date "2025.09.16"]
[Round "4.16"]
[White "Kapinaj, Matus"]
[Black "Nawalaniec, Adam"]
[Result "1/2-1/2"]
[BlackTitle "FM"]
[WhiteElo "2023"]
[BlackElo "2302"]
[WhiteFideId "14980703"]
[BlackFideId "21023786"]
[EventDate "2025.09.13"]

1. e4 c5 2. Nf3 d6 3. d4 cxd4 4. Nxd4 Nf6 5. Nc3 a6 6. h3 e5 7. Nde2 h5 8. g3 b5
9. Nd5 Nxd5 10. Qxd5 Ra7 11. Be3 Be6 12. Qd2 Rd7 13. Nc3 d5 14. Nxd5 Bxd5 15.
exd5 Rxd5 16. Qe2 Qc7 17. Bg2 Rd6 18. O-O Be7 19. Rfc1 h4 20. c4 b4 21. c5 Re6
22. g4 O-O 23. Bd5 1/2-1/2

[Event "exe Slovakia Open 2025"]
[Site "Bratislava SVK"]
[Date "2025.09.16"]
[Round "4.17"]
[White "Mikulas, Dusan"]
[Black "Stevik, Patrik"]
[Result "0-1"]
[WhiteTitle "FM"]
[BlackTitle "FM"]
[WhiteElo "2003"]
[BlackElo "2314"]
[WhiteFideId "14900521"]
[BlackFideId "14944812"]
[EventDate "2025.09.13"]

1. e4 g6 2. d4 Bg7 3. Nc3 d6 4. f4 a6 5. a4 Nd7 6. Nf3 c6 7. Bd3 e5 8. dxe5 dxe5
9. O-O Ngf6 10. Kh1 Qe7 11. f5 Nc5 12. fxg6 hxg6 13. b3 Bg4 14. Ba3 Nh5 15. Ne2
Rd8 16. a5 Bh6 17. Qe1 Nxd3 18. Qc3 c5 19. cxd3 Be3 20. Rad1 f6 21. b4 Qh7 22.
Qe1 Nf4 23. Nxf4 exf4 24. h4 Bxf3 25. gxf3 Qd7 26. Kg2 g5 27. h5 Rxh5 28. Rh1
Rxh1 29. Qxh1 Qa4 30. Ra1 Qc2+ 31. Kh3 cxb4 32. Bxb4 Kf7 0-1

[Event "exe Slovakia Open 2025"]
[Site "Bratislava SVK"]
[Date "2025.09.16"]
[Round "4.18"]
[White "Snehal, Bhosale"]
[Black "Hitka, Dominik"]
[Result "1-0"]
[WhiteTitle "CM"]
[WhiteElo "2270"]
[BlackElo "2008"]
[WhiteFideId "5021995"]
[BlackFideId "14981106"]
[EventDate "2025.09.13"]

1. d4 Nf6 2. c4 g6 3. Nc3 d5 4. cxd5 Nxd5 5. e4 Nxc3 6. bxc3 Bg7 7. Bc4 c5 8.
Ne2 O-O 9. O-O Nc6 10. Be3 Bg4 11. f3 Na5 12. Bd3 cxd4 13. cxd4 Be6 14. d5 Bxa1
15. Qxa1 f6 16. Bh6 Re8 17. Kh1 a6 18. Nf4 Bf7 19. e5 Bxd5 20. Rd1 e6 21. Be4
Bxe4 22. Rxd8 Raxd8 23. fxe4 fxe5 24. h4 Rd4 25. Qe1 Nc6 26. Nh3 Nb4 27. h5 Nd3
28. Qg3 Kf7 29. Be3 Rd7 30. Nf2 Nxf2+ 31. Qxf2+ Kg8 32. Qg3 Kf7 33. h6 Rg8 34.
Bg5 Re8 35. Qxe5 Kg8 36. Be3 Rf7 37. Bd4 Kf8 38. a4 b5 39. a5 b4 40. Bc5+ 1-0